000 00325pab a2200133 454500
008 180718b1998 xxu||||| |||| 00| 0 eng d
100 _aCronk, Lee
245 _aEthnographic text formation processes
260 _c1998
300 _ap.321-49
650 _aEthnology
773 _aSocial Science Information
909 _a39023
999 _c39023
_d39023